000 00432nam a22001457a 4500
082 _aT-180
100 _aJaffar, Junaid Bin
_950737
245 _aProspects of sustainable building in Pakistan
_bA case study of Risalpur
260 _aRisalpur,
_bMCE (NUST),
_c2014.
300 _a78p.
_bill.
_c28cm.
500 _aConstruction engineering and management
526 _a0
_b0
_c0
_dT_180
526 _a0
_b0
_c0
_dT_180
942 _2ddc
_cBK
999 _c553492
_d553492